| 000 | 01528cam a2200265 4500 | ||
|---|---|---|---|
| 001 | WB3801-39 | ||
| 008 | 020108n2002 000 0 eng u | ||
| 035 | _a(Sirsi) u116178 | ||
| 245 | _aLong residential leases | ||
| 260 | _c2002 | ||
| 490 |
_aEstates Gazette _v(0201) 5 January 2002, 71(1) |
||
| 520 | _aThe new regime governing the expiry of long residential tenancies has been in place since January 1999. Discusses a recent High Court ruling - "R v London Rent Assessment Committee ex p David Morris" - which exposes an unexpected glitch in the regime. A conflict between the intended regime of security and the subsequent replacement of a rateable value with a rent limit, not recognised by those who drafted the legislation, was revealed. The key points to come out of the ruling are that where a long residential tenancy expires a tenant is entitled to an assured periodic tenancy, but the landlord is entitled to a market rent even if this is at a level that takes the tenancy out of the assured regime. | ||
| 590 | _aWB | ||
| 650 | _aPROPERTY-RESIDENTIAL PROPERTY-RESIDENTIAL LANDLORD AND TENANT-RESIDENTIAL TENANCIES | ||
| 650 | _aASSURED PERIODIC TENANCIES | ||
| 650 | _aR V LONDON RENT ASSESSMENT COMMITTEE EX P DAVID MORRIS | ||
| 650 | _aLONG LEASES | ||
| 650 | _aRENT ASSESSMENTS | ||
| 650 | _aFAIR RENTS | ||
| 650 | _aNOTICE TO TERMINATE | ||
| 650 | _aLANDLORD AND TENANT ACT 1954 | ||
| 650 | _aLOCAL GOVERNMENT AND HOUSING ACT 1989 | ||
| 690 | _aLANDLORD AND TENANT-LEASES | ||
| 942 | _n0 | ||
| 999 |
_c69205 _d69205 |
||